000 00636nam a22002177a 4500
003 UA-OsUOA
001 86926
007 ta
008 20120912b un ||||| |||| 00| 0 ukr d
090 _a94(474.2)
_bД37
942 _cBK
040 _aUA-OsUOA
_brus
_cUA-OsUOA
_dUA-OsUOA
245 _aДесять лет Академии наук Эстонской ССР
_b(1946 - 1956)
_cЭйхфельд И. Г.
300 _a300 с.
955 _a1
041 _arus
080 _a94(474.2)
260 _aТаллин
_bГосиздат
_c1956
650 7 _a9 Географія. Біографії. Історія
_2UDC
999 _c373117
_d373117